U.S. States that Border Nebraska - Statistics

General Stats
  • This quiz has been taken 20 times
  • The average score is 6 of 6
Answer Stats
State % Correct
Kansas
100%
South Dakota
100%
Iowa
95%
Missouri
95%
Wyoming
95%
Colorado
89%
No matching quizzes found
Score Distribution
Percent of People with Each Score
Percentile by Number Answered
Your Score History
You have not taken this quiz